Stations du Métro Parisien - Statistiques

Statistiques générales
  • Ce quiz a été pris 3 679 fois
  • Le résultat moyen est 204 sur 382
Statistiques - réponses
Ligne 1 % Correct
Châtelet
90%
Châtelet (Pont au Change)
90%
Gare de Lyon
87%
Gare du Nord
87%
Montparnasse – Bienvenüe
85%
Montparnasse - Bienvenüe
85%
Nation
85%
Nation (Place des Antilles)
85%
Charles de Gaulle - Étoile
84%
Gare de l'Est (Verdun)
84%
La Défense (Grande Arche)
82%
Louvre - Rivoli
81%
Bastille
80%
Saint-Lazare
79%
République
78%
Concorde
77%
Opéra
77%
Strasbourg – Saint-Denis
77%
Strasbourg - Saint-Denis
77%
Champs-Élysées - Clemenceau (Grand Palais)
76%
Gare d'Austerlitz
76%
Bercy
75%
Strasbourg - Saint-Denis
75%
Place d'Italie
74%
Barbès - Rochechouart
72%
Barbès – Rochechouart
72%
Hôtel de Ville
72%
Les Halles
72%
Trocadéro
71%
Château de Vincennes
70%
Madeleine
69%
Stalingrad
69%
Odéon
68%
Pigalle
68%
Saint-Michel
67%
Cité
66%
Palais Royal - Musée du Louvre
66%
Palais Royal – Musée du Louvre
66%
Porte de Vincennes
66%
Pyramides
66%
Tuileries
66%
Argentine
65%
Invalides
65%
Porte de Clignancourt
65%
Franklin D. Roosevelt
64%
Saint-Paul (Le Marais)
64%
Bobigny - Pantin - Raymond Queneau
63%
Père Lachaise
63%
Bir-Hakeim (Tour Eiffel)
62%
Château d'Eau
62%
Créteil - Université
62%
Jaurès
62%
Porte Maillot (Palais des Congrès)
62%
Balard
61%
Denfert-Rochereau
61%
Denfert-Rochereau (Colonel Rol-Tanguy)
61%
Olympiades
61%
Porte Dauphine (Maréchal de Lattre de Tassigny)
61%
Réaumur - Sébastopol
61%
Réaumur – Sébastopol
61%
Saint-Denis - Porte de Paris (Stade de France)
61%
Saint-Denis - Université
61%
Arts et Métiers
60%
Belleville
60%
Bobigny - Pablo Picasso (Préfecture - Hôtel du Département)
60%
Créteil - Préfecture (Hôtel de Ville)
60%
Esplanade de La Défense
60%
Place de Clichy
60%
Boulogne - Jean Jaurès
59%
Créteil - L'Échat (Hôpital Henri Mondor)
59%
George V
59%
Grands Boulevards
59%
Oberkampf
59%
Porte des Lilas
59%
Aubervilliers – Pantin – Quatre Chemins
58%
Boulogne - Pont de Saint-Cloud (Rhin et Danube)
58%
Château Rouge
58%
Les Sablons (Jardin d'Acclimatation)
58%
Reuilly - Diderot
58%
Saint-Sulpice
58%
Bonne-Nouvelle
57%
Porte d'Orléans (Général Leclerc)
57%
Anvers (Sacré-Cœur)
56%
Blanche
56%
Passy
56%
Pont de Neuilly
56%
Saint-Placide
56%
Sèvres - Lecourbe
56%
Alésia
55%
Châtillon - Montrouge
55%
Daumesnil (Félix Éboué)
55%
Gambetta
55%
Glacière
55%
Havre - Caumartin
55%
Jussieu
55%
La Motte-Picquet - Grenelle
55%
Porte d'Italie
55%
Saint-Mandé
55%
Sèvres - Babylone
55%
Victor Hugo
55%
Mairie de Montreuil
54%
Michel-Ange - Molitor
54%
Saint-Germain-des-Prés
54%
Chaussée d'Antin – La Fayette
53%
Chaussée d'Antin - La Fayette
53%
Étienne Marcel
53%
Kléber
53%
Mairie des Lilas
53%
Marcadet – Poissonniers
53%
Marcadet - Poissonniers
53%
Michel-Ange - Auteuil
53%
Pasteur
53%
Pont de Sèvres
53%
Raspail
53%
Rome
53%
Villejuif – Louis Aragon
53%
Villiers
53%
Porte de Clichy
52%
Villejuif – Léo Lagrange
52%
Villejuif – Paul Vaillant-Couturier (Hôpital Paul Brousse)
52%
Duroc
51%
Gallieni (Parc de Bagnolet)
51%
Mairie d'Issy
51%
Miromesnil
51%
Pont de Levallois - Bécon
51%
Bérault
50%
Filles du Calvaire
50%
Iéna
50%
La Chapelle
50%
La Fourche
50%
Porte de Pantin (Parc de la Villette)
50%
Porte de Versailles (Parc des Expositions de Paris)
50%
Quai de la Rapée
50%
Ternes
50%
Voltaire (Léon Blum)
50%
Bourse
49%
École Militaire
49%
Ménilmontant
49%
Picpus (Courteline)
49%
Pont Neuf (La Monnaie)
49%
Porte de la Chapelle
49%
Porte de Montreuil
49%
Vavin
49%
Alexandre Dumas
48%
Alma - Marceau
48%
Assemblée nationale
48%
Colonel Fabien
48%
Cour Saint-Émilion
48%
La Courneuve – 8 Mai 1945
48%
Mairie de Montrouge
48%
Nationale
48%
Porte de Bagnolet
48%
Porte d'Ivry
48%
Porte Dorée
48%
Quai de la Gare
48%
Rambuteau (Centre Georges Pompidou)
48%
Cluny - La Sorbonne
47%
Europe
47%
Mairie d'Ivry
47%
Pont Marie (Cité des Arts)
47%
Abbesses (Butte Montmartre)
46%
Avron
46%
Chevaleret
46%
Ourcq
46%
Sentier
46%
Commerce
45%
Corvisart
45%
Courcelles
45%
Dupleix
45%
Edgar Quinet
45%
Maisons-Alfort - Stade
45%
Monceau
45%
Place des Fêtes
45%
Place Monge (Jardin des Plantes – Arènes de Lutèce)
45%
Poissonnière
45%
Porte de Saint-Ouen
45%
Richard-Lenoir
45%
Richelieu - Drouot
45%
Saint-Augustin
45%
Simplon
45%
Temple
45%
Bibliothèque François-Mitterrand
44%
Buttes Chaumont
44%
Campo-Formio
44%
Javel - André Citroën
44%
Louis Blanc
44%
Louise Michel
44%
Porte de Vanves
44%
Quatre-Septembre
44%
Rue des Boulets
44%
Cambronne
43%
Couronnes
43%
Crimée
43%
Dugommier
43%
Jasmin
43%
Laumière
43%
Les Gobelins
43%
Maison Blanche
43%
Parmentier
43%
Porte de Champerret
43%
Porte de la Villette (Cité des Sciences et de l'Industrie)
43%
Vaugirard (Adolphe Chérioux)
43%
Wagram
43%
Bel-Air
42%
Charonne
42%
Chemin Vert
42%
Jacques Bonsergent
42%
Mairie de Saint-Ouen
42%
Mouton-Duvernet
42%
Ranelagh
42%
Saint-Jacques
42%
Saint-Marcel
42%
Anatole France
41%
Boissière
41%
Cadet
41%
Convention
41%
Église de Pantin
41%
Félix Faure
41%
Hoche
41%
Liège
41%
Malesherbes
41%
Philippe Auguste
41%
Porte d'Auteuil
41%
Porte de Choisy
41%
Porte de Saint-Cloud (Parc des Princes)
41%
Pyrénées
41%
Robespierre
41%
Rue de la Pompe (Avenue Georges Mandel)
41%
Rue du Bac
41%
Télégraphe
41%
Billancourt
40%
Bréguet - Sabin
40%
Gaîté
40%
Goncourt (Hôpital Saint-Louis)
40%
La Muette
40%
Marcel Sembat
40%
Rennes
40%
Botzaris
39%
Corentin Cariou
39%
Lourmel
39%
Maisons-Alfort - Les Juilliottes
39%
Maubert - Mutualité
39%
Pernety
39%
Porte de Charenton
39%
Solférino (Musée d'Orsay)
39%
Sully – Morland
39%
Boucicaut
38%
Charenton - Écoles (Place Aristide Briand)
38%
Corentin Celton
38%
Front Populaire
38%
Mairie de Clichy
38%
Marx Dormoy
38%
Notre-Dame-de-Lorette
38%
Pereire (Maréchal Juin)
38%
Pierre et Marie Curie
38%
Rue Saint-Maur
38%
Saint-Ambroise
38%
Saint-François-Xavier
38%
Cardinal Lemoine
37%
Censier – Daubenton
37%
Charles Michels
37%
Croix de Chavaux (Place Jacques Duclos)
37%
Église d'Auteuil
37%
Guy Môquet
37%
Jourdain
37%
Liberté
37%
Mabillon
37%
Malakoff - Plateau de Vanves
37%
Notre-Dame-des-Champs
37%
Pointe du Lac
37%
Riquet
37%
Saint-Fargeau
37%
Saint-Philippe du Roule
37%
Volontaires
37%
Bolivar
36%
Garibaldi
36%
Ledru-Rollin
36%
Malakoff - Rue Étienne-Dolet
36%
Maraîchers
36%
Pelleport
36%
Saint-Sébastien - Froissart
36%
Château-Landon
35%
Faidherbe - Chaligny
35%
Fort d'Aubervilliers
35%
Jules Joffrin
35%
Lamarck - Caulaincourt
35%
La Tour-Maubourg
35%
Le Kremlin-Bicêtre
35%
Montgallet
35%
Plaisance
35%
Saint-Georges
35%
Ségur
35%
Vaneau
35%
Varenne
35%
Brochant
34%
Exelmans
34%
Le Peletier
34%
Trinité - d'Estienne d'Orves
34%
Buzenval
33%
Danube
33%
Falguière
33%
Michel Bizot
33%
Pré Saint-Gervais
33%
Avenue Émile-Zola
32%
Mirabeau
32%
Basilique de Saint-Denis (Hôtel de Ville)
31%
Chardon-Lagache
30%
Gabriel Péri
30%
Les Courtilles
30%
Les Agnettes
29%
Carrefour Pleyel
28%
École vétérinaire de Maisons-Alfort
27%
Aucun quiz correspondant
Distribution des résultats
% des personnes avec chaque résultat
Percentile par nombre de réponses
Votre historique - résultats
Vous n’avez pas pris ce quiz